Disney Villain Songs - Statistics

General Stats
  • This quiz has been taken 78 times
  • The average score is 12 of 26
Answer Stats
Hint Answer % Correct
The Lion King (1994) Be Prepared
90%
Beauty and the Beast (1991) Gaston
90%
The Little Mermaid (1989) Poor Unfortunate Souls
83%
Tangled (2010) Mother Knows Best
81%
One Hundred and One Dalmatians (1961) Cruella de Vil
79%
The Princess and the Frog (2009) Friends on the Other Side
77%
Moana (2016) Shiny
77%
Frozen (2013) Love is an Open Door
75%
The Hunchback of Notre Dame (1996) Hellfire
71%
Aladdin (1992) Prince Ali (Reprise)
63%
Coco (2017) Remember Me (Ernesto de la Cruz)
60%
Pocahontas (1995) Mine, Mine, Mine
54%
Encanto (2021) We Don't Talk About Bruno
52%
The Jungle Book (1967) Trust in Me (The Python's Song)
48%
Robin Hood (1973) The Phony King of England
29%
The Many Adventures of Winnie the Pooh (1977) Heffalumps and Woozles
27%
The Sword in the Stone (1963) Mad Madam Mim
23%
Lady and the Tramp (1955) The Siamese Cat Song
23%
The Nightmare Before Christmas (1993) Oogie Boogie's Song
19%
Dumbo (1941) Pink Elephants on Parade
19%
The Great Mouse Detective (1986) World's Greatest Criminal Mind
19%
Peter Pan (1953) The Elegant Captain Hook
17%
Home on the Range (2004) Yodel-Adle-Eedle-Idle-O
15%
Pinocchio (1940) Hi-Diddle-Dee-Dee (An Actor's Life for Me)
13%
The Adventures of Ichabod and Mr. Toad (1949) Headless Horseman
12%
Alice in Wonderland (1951) Who's Been Painting My Roses Red?
10%
No matching quizzes found
Score Distribution
Percent of People with Each Score
Percentile by Number Answered
Your Score History
You have not taken this quiz